000 00787nam a2200253Ia 4500
003 OSt
005 20220918184830.0
006 a|||||r|||| 00| 0
007 ta
008 220917b |||||||| |||| 00| 0 eng d
024 _a48,283
037 _cTextual
040 _aARTS
_cARTS
_beng
041 _2eng
_aeng
082 _aP:3, K2 (PD)
100 _aJohnson Neal Frederick
_966789
245 0 _aCue value of sentence frames for the acquisition of speech categories
260 _aAnn arbor
_bMichigan , Univ Microfilms
_c1962
300 _a131p. charts
_ccm.
490 _aUniversity of Minnesota , Psychology (Department of) Dissertation , 1961
650 _aLINGUISTICS
942 _hP:3, K2 (PD)
_cTEXL
_2CC
999 _c177953
_d177953